000 00514ntaaa2200193 4500
003 01
005 20251027201227.0
008 0714s1973 ag 01
040 _aAR-BaBN
_bspa
_cAR-BaBN
_eaacr
_dRIC
082 _a220.91 G89
100 _aGrollenberg, P. Lucas
_910271
245 _aPanorama del mundo bíblico /
_cP. Lucas Grollenberg
250 _a1 ed.
260 _aMadrid :
_bEdiciones Guadarrama,
_c1966
300 _a200 p.
650 _aBiblia-Geografía
_99056
650 _aPalestina
_95160
942 _cBK
999 _c6584
_d6584